| 000 | 004730000a22001810004500 | ||
|---|---|---|---|
| 003 | LK-CoMWRAF | ||
| 005 | 20230924122609.0 | ||
| 008 | 230817t ||||| |||| 00| 0 eng d | ||
| 040 |
_aLK-CoMWRAF _dLK-CoMWRAF _eLK-CoMWRAF |
||
| 041 | _aeng | ||
| 082 |
_a297.6 _bKHA |
||
| 100 | _aKhan, Khan Sahib Khaja | ||
| 245 | _aThe Secret of Ana'l -Haqq | ||
| 260 |
_aPakistan (Lahore) : _bSh.Muhammad Ashraf, _c1926 |
||
| 300 | _a167p | ||
| 650 | _aIslam-Ana'L-Haqq | ||
| 942 | _cBK | ||
| 999 |
_c1838 _d1838 |
||